000 00670nam a2200181 i 4500
001 89792
003 ES-MaACL
005 20240509145549.0
007 t|
008 050113s1859 fr b |||| | fre d
100 1 _aLaurent, Charles-Auguste.
_970625
245 1 0 _aMémoire sur le Sahara oriental au point de vue de l'établissement des puits artesiens /
_cpar Ch. Laurent.
260 _aParis :
_b[s.n.],
_c1859 (
_fP. A. Bourdier et Cie)
300 _a92 p., [2] h. pleg. de mapas ;
_c23 cm.
650 7 _aPozos artesianos
_2
_9136758
852 _aES-MaACL
_jB-7987(2)
_z- Enc. con otras obras
_z- Legado Federico de Botella y de Hornos
999 _c89792
_d89792